Материалы научно-технической конференции по зеленому горошку / (Record no. 529792)
[ view plain ]
| 000 -LEADER | |
|---|---|
| fixed length control field | 01230nam a2200241 a 4500 |
| 001 - CONTROL NUMBER | |
| control field | 000908270 |
| 003 - CONTROL NUMBER IDENTIFIER | |
| control field | AM-YEHGA |
| 005 - DATE AND TIME OF LATEST TRANSACTION | |
| control field | 20250617164813.0 |
| 008 - FIXED-LENGTH DATA ELEMENTS--GENERAL INFORMATION | |
| fixed length control field | 120727s1962 mv r 000 0 rus d |
| 040 ## - CATALOGING SOURCE | |
| Original cataloging agency | AM-YeHGA |
| 041 0# - LANGUAGE CODE | |
| Language code of text/sound track or separate title | rus |
| 090 ## - LOCALLY ASSIGNED LC-TYPE CALL NUMBER (OCLC); LOCAL CALL NUMBER (RLIN) | |
| -- | 568278 |
| 110 2# - MAIN ENTRY--CORPORATE NAME | |
| Corporate name or jurisdiction name as entry element | Научно-техническая конференция по зеленому горошку |
| Date of meeting or treaty signing | (1962 : |
| Location of meeting | Кишинев) |
| 245 10 - TITLE STATEMENT | |
| Title | Материалы научно-технической конференции по зеленому горошку / |
| Statement of responsibility, etc. | Ред. В. Синина; Мин. производ. и загот. с.-х. продукт. МССР; Молд. НТОСХ. |
| 260 ## - PUBLICATION, DISTRIBUTION, ETC. | |
| Place of publication, distribution, etc. | Кишинев : |
| Name of publisher, distributor, etc. | Изд. Сельскохоз. лит., |
| Date of publication, distribution, etc. | 1962. |
| 300 ## - PHYSICAL DESCRIPTION | |
| Extent | 44 с. : |
| Other physical details | табл. ; |
| Dimensions | 21 см. |
| 650 14 - SUBJECT ADDED ENTRY--TOPICAL TERM | |
| Topical term or geographic name entry element | Бахчевые культуры |
| 650 14 - SUBJECT ADDED ENTRY--TOPICAL TERM | |
| Topical term or geographic name entry element | Горох |
| 700 1# - ADDED ENTRY--PERSONAL NAME | |
| Personal name | Синина, В. |
| Relator term | ред. |
| Relationship | edt |
| 710 2# - ADDED ENTRY--CORPORATE NAME | |
| Corporate name or jurisdiction name as entry element | Министерство производства и заготовок сельскогохозяйственных продуктов Молдавской ССР |
| 710 2# - ADDED ENTRY--CORPORATE NAME | |
| Corporate name or jurisdiction name as entry element | Молдавское научно-техническое общество сельского хозяйства |
| 942 ## - ADDED ENTRY ELEMENTS (KOHA) | |
| Source of classification or shelving scheme | Universal Decimal Classification |
| Koha item type | Գրքեր / Books |
| Withdrawn status | Lost status | Damaged status | Not for loan | Collection | Home library | Current library | Date acquired | Total checkouts | Full call number | Barcode | Date last seen | Price effective from | Koha item type | Public note |
|---|---|---|---|---|---|---|---|---|---|---|---|---|---|---|
| General | Fundamental Scientific Library | Fundamental Scientific Library | 08/04/2022 | РII/73242 | FL0676339 | 08/04/2022 | 08/04/2022 | Գրքեր / Books | 30 Days Loan |
ՀՀ Գիտությունների ազգային ակադեմիայի հիմնարար գիտական գրադարան = Fundamental Scientific Library of NAS RA
All site content, except where otherwise noted, is licensed under a